| 000 | 00937nas a2200265 4500 | ||
|---|---|---|---|
| 001 | BR9210727 | ||
| 003 | BR-BrBNA | ||
| 005 | 20231205093421.0 | ||
| 007 | ta | ||
| 008 | 230509b bl.|||p| |||| 00| 00por d | ||
| 040 |
_aBR-BrBNA _bpor _cBiblioteca Nacional de Agricultura |
||
| 041 | _a(Pt) | ||
| 072 | _aF30; H10 | ||
| 100 | 1 | _aMarques, C.A. dos S. | |
| 100 | 1 | _aOsuna, J.A. | |
| 245 | 1 | _aSelecao entre progenies endogamicas S1 visando resistencia a Heliothis zea em duas populacoes de milho opaco-2 | |
| 246 | 1 | _aSelection among endogamic S1 progenies for corn earworm resistance in two opaque-2 maize populations | |
| 650 | _aMILHO | ||
| 650 | _aLAGARTA DA ESPIGA | ||
| 650 | _aPROGENIE | ||
| 650 | _aVARIEDADE RESISTENTE | ||
| 773 | 0 |
_tPesquisa Agropecuaria Brasileira (Brazil) _xISSN 0100-204X _g(Nov-Dec 1991), v. 26(11-12) p. 1859-1864 _wBR9210727 |
|
| 909 |
_a202311 _bLúcia _c55 _dLúcia Elande |
||
| 942 |
_2AGRIS _n0 _cANA |
||
| 999 |
_c138182 _d138182 |
||